000
00327nam a2200121 a 4500
005
20141022142000.0
008
080915s19uu xx 00 eng d
050
_a
VHS
_b
AJN1 2003
245
_a
AJN:A head to toe:pediatric assessment.
650
_a
VHS Nursing.
650
_a
A head to toe:pediatric assessment.
942
_c
AVM
999
_c
276192
_d
276192